| 000 | 00568cam a22001931 4500 | ||
|---|---|---|---|
| 001 | ne 63001084 | ||
| 003 | DLC | ||
| 005 | 20260227111746.0 | ||
| 008 | 830202q19601969ua a 000 1 ararc | ||
| 010 | _ane 63001084 | ||
| 035 | _a(OCoLC)9181384 | ||
| 040 |
_aPrinceton Univ. Libr. _cTU _dTU _dDLC |
||
| 042 | _apremarc | ||
| 050 | 0 | 0 |
_aPJ7840.A9 _bB5 |
| 100 | 1 |
_aJawdat, Ṣāliḥ, _d1912-1976. |
|
| 245 | 1 | 0 |
_aBint Afandīnā _c[taʻlīf] Ṣāliḥ Jawdat. |
| 260 |
_aAl-Qāhirah, _bMaktabat al-Nahḍah al-Miṣriyyah _c[196- ] |
||
| 300 |
_a199 p. _billus. _c20 cm. |
||
| 999 |
_c45930 _d45930 |
||